La participación social y políticos de los jóvenes en el horizonte del nuevo siglo/
Para el autor, la juventud debe ser entendida como una etapa de la vida humana que en gran medida marcará nuestras actuaciones futuras. Es una etapa en sí, que encierra experiencias nuevas, aprendizajes, frustraciones, adaptaciones o inadaptaciones al contexto social en el cual viven y se desarrolla...
Gardado en:
| Autor Principal: | |
|---|---|
| Outros autores: | |
| Formato: | Desconocido |
| Publicado: |
Buenos Aires:
CLACSO. ASDI
|
| Materias: | |
| Etiquetas: |
Engadir etiqueta
Sen Etiquetas, Sexa o primeiro en etiquetar este rexistro!
|
MARC
| LEADER | 00000 a2200000 04500 | ||
|---|---|---|---|
| 001 | 19057 | ||
| 003 | |||
| 008 | 991231s d | ||
| 040 | |||
| 090 | |a 145102 | ||
| 100 | |a Balardini, Sergio | ||
| 245 | |a La participación social y políticos de los jóvenes en el horizonte del nuevo siglo/ |c Sergio Balardini | ||
| 260 | |a Buenos Aires: |b CLACSO. ASDI | ||
| 300 | |a 206 p. | ||
| 500 | |a Disponible en Cd, en No. 194109 | ||
| 520 | |a Para el autor, la juventud debe ser entendida como una etapa de la vida humana que en gran medida marcará nuestras actuaciones futuras. Es una etapa en sí, que encierra experiencias nuevas, aprendizajes, frustraciones, adaptaciones o inadaptaciones al contexto social en el cual viven y se desarrollan los jóvenes es decir, se | ||
| 650 | |a JUVENTUD | ||
| 650 | |a PARTICIPACION POLITICA | ||
| 650 | |a PARTICIPACION ESTUDIANTIL | ||
| 700 | |a comp | ||
| 999 | |c 16301 |d 16301 | ||
